| 000 | 00651nam a22001817a 4500 | ||
|---|---|---|---|
| 999 |
_c15286 _d15286 |
||
| 003 | OSt | ||
| 082 | _2631.3 ANI/DE | ||
| 088 | _aP 64 | ||
| 100 |
_aANI S. T _93959 |
||
| 245 | _aDevelopment and testing of a continuous mixing plant for pot mixture | ||
| 260 |
_aTavanur 1997 _bDepartment of Farm Power Machinery and Energy |
||
| 300 | _a37 | ||
| 500 | _aDevelopment and testing of a continuous mixing plant for pot mixture | ||
| 520 | _aDevelopment and testing of a continuous mixing plant for pot mixture | ||
| 700 |
_aEr. Joby Bastian (Guide) _93786 |
||
| 856 | _uhttps://drive.google.com/open?id=1goW8Gim91stm68xlQQ6q5zKaNaZ90qUg | ||
| 942 | _cPR | ||